Flood warning and forecasting system

Gespeichert in:
Bibliographische Detailangaben
1. Verfasser: Ferencz, Vojtech
Weitere Verfasser: Dugas, Jaroslav, 1967-
Format: Buchkapitel
Sprache:Englisch
Schlagworte:
Tags: Tag hinzufügen
Keine Tags, Fügen Sie das erste Tag hinzu!

MARC

LEADER 00000naa$a2200000$$$4500
001 0208793
005 20240502073453.2
041 0 |a eng 
044 |a SK 
245 1 0 |a Flood warning and forecasting system  |c Vojtech Ferencz, Jaroslav Dugas 
500 |a Abstrakt 
610 2 0 |a politika environmentálna 
610 2 0 |a povodne 
610 2 0 |a predvídanie 
610 2 0 |a ochrana prostredia životného 
610 2 0 |a ochrana protipovodňová 
610 2 0 |a ochrana vody 
100 1 |a Ferencz, Vojtech 
700 1 |a Dugas, Jaroslav, 1967-